000
00315 a2200145 4500
001
167218
020
_a
040
_c
Magnum
100
_a
Feitosa, Vera Cristina
240
1
0
_a
Redacao de textos cientificos
_l
por
245
1
0
_a
Redacao de textos cientificos
362
0
_a
1899
697
_a
GERAL
942
_c
BK
999
_c
167218
_d
167218